Responses for Show #8034 - Thursday, July 11, 2019

Sam Kavanaugh game 2.

Contestants

[<< previous game]

Steven Green, a software engineer from Millbrae, California

Kirsten Rose, a librarian from Williamstown, Massachusetts

Sam Kavanaugh, a teacher from Minneapolis, Minnesota (whose 1-day cash winnings total $38,001)

[next game >>]

Jeopardy! Round responses

LADIES & GENTLEMEN... THE BEATITUDES!
THE WALL
"HOME" ENTERTAINMENT
LET'S DANCE!
ON SECOND THOUGHT
GRAB A SEAT
    $200 13
the Great Wall of China

Sam
    $200 8
Home Alone

Sam
    $200 16
a square dance

Sam
    $200 7
revision

Triple Stumper
    $200 2
[ERRATUM: The song is "Any Ol' Barstool".]

a barstool

Sam
    $400 22
the Berlin Wall

Steven
    $400 9
Home Improvement

Sam
    $400 20
the "Chicken Dance"

Sam
    $400 1
(Kirsten: What is line?)

pencil

Kirsten
Triple Stumper
    $400 3
a barber chair

Steven
    $600 15
mourn

Kirsten
    $600 21
the Western Wall

Sam
    $600 10
(Steven: What is a halfway home?)

Homecoming

Steven
Triple Stumper
    $600 25
the "Macarena"

Sam
    $600 17
rehash

Steven
    $600 4
the deck chairs

Sam
    $800 14
inherit the earth

Sam
    $800 23
the Inca

Steven
    $800 11
Daddy's Home

Steven
    $800 26
(Kirsten: What is the locomotion?)

the twist

KirstenSteven
    $800 18
(Steven: What's a rewrite?)

a pass

Steven
Triple Stumper
    $800 5
a ghost chair

Sam
    $1000 28
[The end-of-round signal sounds.]

the peacemakers

Steven
    $1,200 24
(Alex: Steven?)
(Steven: What is... Berlin? No.)
(Alex: No, the ancient city of [*]. [*]. Less than a minute now.)

Troy

Steven
    $1000 12
When I Get Home

Triple Stumper
    $1000 27
rumba

Sam
    $1000 19
(Sam: What is affect and effect?)

amend and emend

Sam
Triple Stumper
    $1000 6
an Eames chair

Steven

Scores at the first commercial break (after clue 15):

Sam Kirsten Steven
$3,200 $200 $1,600

Scores at the end of the Jeopardy! Round:

Sam Kirsten Steven
$5,000 -$600 $3,200

Double Jeopardy! Round responses

BREAKING UP IS HARD TO DO
RUSSIAN LITERATURE
NO. 1 HITS OF THE '80s
A WAR BY ANY OTHER NAME
PHYSICS
5-SYLLABLE WORDS
    $400 25
AT&T

Steven
    $400 22
(Kirsten: What is The Cherry Trees?)

The Cherry Orchard

Kirsten
Triple Stumper
    $400 1
Jessie

Kirsten
    $400 6
aggression

Kirsten
    $400 11
expanding

Sam
    $400 14
underestimate

Steven
    $800 24
(Alex: Less than a minute now.)

Don Johnson and Melanie Griffith

Kirsten
    $800 23
Lenin

Sam
    $800 2
"Get Into My Car"

Kirsten
    $800 7
the Iroquois wars

Steven
    $800 9
charm

Sam
    $800 15
intermediate

Sam
    $1200 16
Microsoft

Steven
    $1200 28
Dostoevsky

Triple Stumper
    $1200 3
(Sam: Who is Jon Bon Jovi?)

John Cougar Mellencamp

SamKirsten
    $1200 8
England

Sam
    $5,800 10
longitudinal

Sam
    $1200 17
neurotransmitters

Sam
    $1600 18
Poland

Steven
    $1600 29
[The end-of-round signal sounds.]

Nikolai Gogol

Triple Stumper
    $1600 4
Funkytown

Steven
    $6,000 21
the Yom Kippur War

Sam
    $1600 12
(Kirsten: What is energy?)
(Sam: What is mass?)

momentum

SamKirstenSteven
    $1600 20
extramarital

Sam
    $2000 19
Standard Oil

Steven
    $2000 5
Mickey

Kirsten
    $2000 27
King Philip

Steven
    $2000 13
distance

Steven
    $2000 26
transfiguration

Triple Stumper

Scores at the end of the Double Jeopardy! Round:

Sam Kirsten Steven
$20,800 $3,000 $16,800

[wagering suggestions for these scores]

Final Jeopardy! Round responses

WOMEN ON TV
(Alex: [To Kirsten] Remember the Dan Quayle comment about [*].)
KirstenWho is Murphy Brown?
$2,800
StevenWho is Sarandon?
$16,800
SamWho is Roseanne Conner?
$12,801
Murphy Brown

Final scores:

Sam Kirsten Steven
$7,999 $5,800 $0
2-day champion: $46,000 2nd place: $2,000 3rd place: $1,000

Game dynamics:

Coryat scores:

Sam Kirsten Steven
$11,800 $3,000 $18,000
21 R
(including 2 DDs),
3 W
7 R,
4 W
18 R,
3 W
(including 1 DD)

Combined Coryat: $32,800

[game clues] [game scores] [suggest correction]

Game tape date: 2019-03-27
The J! Archive is created by fans, for fans. Scraping, republication, monetization, and malicious use prohibited; this site may use cookies and collect identifying information. See terms. The Jeopardy! game show and all elements thereof, including but not limited to copyright and trademark thereto, are the property of Jeopardy Productions, Inc. and are protected under law. This website is not affiliated with, sponsored by, or operated by Jeopardy Productions, Inc. Join the discussion at JBoard.tv.